Hand Book of Physical Pharmaceutics (Record no. 13082)

MARC details
000 -LEADER
fixed length control field 00435nam a22001817a 4500
003 - CONTROL NUMBER IDENTIFIER
control field OSt
008 - FIXED-LENGTH DATA ELEMENTS--GENERAL INFORMATION
fixed length control field 250211b |||||||| |||| 00| 0 eng d
020 ## - INTERNATIONAL STANDARD BOOK NUMBER
International Standard Book Number 9789353352943
082 ## - DEWEY DECIMAL CLASSIFICATION NUMBER
Classification number 615.19 SUH
100 ## - MAIN ENTRY--PERSONAL NAME
Personal name Sudhakar, M
245 ## - TITLE STATEMENT
Title Hand Book of Physical Pharmaceutics
250 ## - EDITION STATEMENT
Edition statement Ist
260 ## - PUBLICATION, DISTRIBUTION, ETC. (IMPRINT)
Place of publication, distribution, etc N.Delhi
Name of publisher, distributor, etc Akinik Pub.
Date of publication, distribution, etc 2019
300 ## - PHYSICAL DESCRIPTION
Extent 97
650 ## - SUBJECT ADDED ENTRY--TOPICAL TERM
Topical term or geographic name as entry element Physical pharmaceutics-1
700 ## - ADDED ENTRY--PERSONAL NAME
Personal name Neeraja, P
942 ## - ADDED ENTRY ELEMENTS (KOHA)
Source of classification or shelving scheme Dewey Decimal Classification
Koha item type Text Books
Holdings
Withdrawn status Lost status Source of classification or shelving scheme Damaged status Not for loan Collection code Home library Current library Date acquired Source of acquisition Currency Cost, normal purchase price Bill Number Total Checkouts Full call number Acc. no. / Barcode Date last seen Actual Cost, discounted price Bill Date Koha item type
    Dewey Decimal Classification     B.Pharma PIET C-LIBRARY PIET C-LIBRARY 08/02/2025 Zafaa Books Distributres In Rupees 525.00 ZBDO470   615.19 SUH BP2644 11/02/2025 446.25 06/02/2025 Reference Books
    Dewey Decimal Classification     B.Pharma PIET C-LIBRARY PIET C-LIBRARY 08/02/2025 Zafaa Books Distributres In Rupees 525.00 ZBDO470   615.19 SUH BP2645 11/02/2025 446.25 06/02/2025 Text Books
    Dewey Decimal Classification     B.Pharma PIET C-LIBRARY PIET C-LIBRARY 08/02/2025 Zafaa Books Distributres In Rupees 525.00 ZBDO470   615.19 SUH BP2646 11/02/2025 446.25 06/02/2025 Text Books

Design & Developed by: PIET Central Library
R70 Miles Stone Pattikalyana Samalkha Panipat 132102
mail ID :- [email protected], Phone No:- 0180-2569700 Ex.216